| 000 | 00389nam a22001577a 4500 | ||
|---|---|---|---|
| 005 | 20190326111009.0 | ||
| 008 | 190326b xxu||||| |||| 00| 0 eng d | ||
| 020 | _a978-93-87397-73-G | ||
| 041 | _aeng | ||
| 100 |
_aDAS, DR. KUNTAL _94912 |
||
| 245 | _aA TEXTBOOK OF BIOCHEMISTRY (SEM-II) | ||
| 250 | _a2 ND , 2018 | ||
| 260 |
_aPUNE _bNIRALI PRAKASHAN |
||
| 300 | _aR.1 p, | ||
| 942 | _cBK | ||
| 999 |
_c5785 _d5783 |
||